A. Vinet's Pastoraltheologie oder Lehre vom Dienst am Evangelium / 2

Saved in:  
Bibliographic Details
Main Author: Vinet, Alexandre Rodolphe 1797-1847 (Author)
Format: Print Book
Language:German
Subito Delivery Service: Order now.
Check availability: HBZ Gateway
WorldCat: WorldCat
Interlibrary Loan:Interlibrary Loan for the Fachinformationsdienste (Specialized Information Services in Germany)
Published: Braunschweig Leipzig Reuter [1896]
In: A. Vinet's Pastoraltheologie oder Lehre vom Dienst am Evangelium
Year: 1896
Series/Journal:Reuters theologische Klassikerbibliothek 5

MARC

LEADER 00000cam a2200000 cc4500
001 1104382954
003 DE-627
005 20240329081405.0
007 tu
008 930722s1896 xx ||||| 00| ||ger c
035 |a (DE-627)1104382954 
035 |a (DE-576)03438295X 
035 |a (DE-599)BSZ03438295X 
035 |a (OCoLC)312106177 
035 |a (OCoLC)312106177 
040 |a DE-627  |b ger  |c DE-627  |e rakwb 
041 |a ger 
084 |a 1  |2 ssgn 
100 1 |0 (DE-588)118768565  |0 (DE-627)135259940  |0 (DE-576)163421536  |4 aut  |a Vinet, Alexandre Rodolphe  |d 1797-1847 
109 |a Vinet, Alexandre Rodolphe 1797-1847  |a Vinet, Alexandre-Rodolphe 1797-1847  |a Vinet, Rodolphe-Alexandre 1797-1847  |a Vinet, Alexandre R. 1797-1847  |a Vinet, Rodolphe A. 1797-1847  |a Vinet, Alexandre 1797-1847  |a Vinet, Alexander Rudolf 1797-1847  |a Vinet, Alexander Rudolphe 1797-1847  |a Vinet, Alexander 1797-1847  |a Vinet, A. 1797-1847 
245 1 0 |a A. Vinet's Pastoraltheologie oder Lehre vom Dienst am Evangelium  |n 2 
264 1 |a Braunschweig  |a Leipzig  |b Reuter  |c [1896] 
300 |a V, 195 S. 
336 |a Text  |b txt  |2 rdacontent 
337 |a ohne Hilfsmittel zu benutzen  |b n  |2 rdamedia 
338 |a Band  |b nc  |2 rdacarrier 
361 1 |5 DE-7  |y 3496487593  |s ALT 2019 A 139:2  |o Vorbesitz  |a Peters, Burkhard  |0 (DE-588)1170693083  |0 (DE-627)1039864686  |0 (DE-576)512597278 
490 1 |a Reuter's theologische Klassikerbibliothek  |v 5 
583 1 |a Archivierung prüfen  |c 20200919  |f DE-640  |z 1  |2 pdager 
583 1 |a Archivierung prüfen  |c 20240324  |f DE-4165  |z 1  |2 pdager 
601 |a Pastoraltheologie 
601 |a Evangelium 
773 1 8 |a A. Vinet's Pastoraltheologie oder Lehre vom Dienst am Evangelium  |w (DE-627)1104382849  |w (DE-576)034382844  |g 2  |q 2  |7 nnam 
830 0 |a Reuters theologische Klassikerbibliothek  |v 5  |9 5  |w (DE-627)182605981  |w (DE-576)04181438X  |w (DE-600)1220784-6  |7 am 
935 |a mteo 
951 |a MV 
ELC |b 1 
ITA |a 1 
LOK |0 000 xxxxxcx a22 zn 4500 
LOK |0 001 2211287689 
LOK |0 003 DE-627 
LOK |0 004 1104382954 
LOK |0 005 20061208133644 
LOK |0 008 930722||||||||||||||||ger||||||| 
LOK |0 040   |a DE-21-31  |c DE-627  |d DE-21-31 
LOK |0 541   |e 79/88 
LOK |0 852   |z Mit Teil 1 zusammengebunden 
LOK |0 852   |a DE-21-31 
LOK |0 852 1  |c Pa I 5071-1.2  |m p  |9 00 
LOK |0 852 2  |b Magazin  |9 00 
LOK |0 935   |a kneu 
LOK |0 938   |k p 
LOK |0 939   |a 22-07-93  |b l01 
ORI |a SA-MARC-ixtheoa001.raw